000 00741nam a2200229Ia 4500
003 OSt
005 20220127093623.0
008 210716s2006 xx 000 0 und d
020 _a8122417159
040 _cAIMIT LIBRARY
041 _aeng
082 _a332.17
_21
_bCERA
100 _aCerny, Ales.
_914803
245 _aMathematical techniques in finance:
_btools for incomplete markets /
_cby Ales Cerny.
250 _a1st ed.
260 _aNew Delhi:
_bNew Age International Pvt Ltd
_c2006
260 _aBangladesh:
_bPrinceton University Press,
_c2006.
300 _axviii,378p.
_c23cm.
650 _aArbitrage and pricing in the one period model
_914804
650 _aTowards continuous
_914805
942 _2ddc
_cBK
_e1st
_k332.17 CERA
999 _c199745
_d199745